000 nam a22 4500
999 _c1511
_d1511
005 20170509164058.0
008 170509b1987 cau||||| |||| 00| 0 eng d
020 _a0534075843
040 _aAKMAL
082 _219
_a306.8/097 LAS
090 _a306.8/097
_bLAS
100 _aLasswell, Marcia E.
_93019
245 _aMarriage and the family /
_cMarcia Lasswell, Thomas Lasswell.
250 _a2nd ed.
260 _aBelmont, Calif.
_bWadsworth Pub. Co., |
_cc1987.
300 _axii, 596 p.
_bill. (some col.) ;
_c24cm
500 _aIncludes indexes.
504 _aBibliography: p. 555-579.
599 _aDALAM PROSES
650 _aMarriage
_zUnited States.
_93020
650 _aFamilies
_zUnited States.
_93021
700 _aLasswell, Thomas E.
_93022
942 _2ddc
_cBOOK